[Event "FIDE World Rapid Team"]
[Site "London ENG"]
[Date "2025.06.13"]
[Round "9.8"]
[White "Nurakyn, Suleiman"]
[Black "Raiko, Yossi"]
[Result "1-0"]
[WhiteElo "1880"]
[BlackElo "1911"]
[EventDate "2025.06.11"]
[Board "6"]

1. d4 Nf6 2. c4 e6 3. Nf3 d5 4. g3 Be7 5. Bg2 O-O 6. O-O dxc4 7. Qc2 a6 8.
a4 Bd7 9. Qxc4 Bc6 10. Nc3 b5 11. Qb3 b4 12. Nb1 Bd5 13. Qd3 Be4 14. Qd1
Nbd7 15. Nbd2 Bd5 16. b3 c5 17. Bb2 Rc8 18. Rc1 Rc7 19. e3 Qa8 20. Qe2 Rfc8
21. Rfd1 Qb7 22. Ne1 Bxg2 23. Nxg2 Nb6 24. Nf4 a5 25. Qb5 Nbd5 26. Nxd5
Nxd5 27. Qxb7 Rxb7 28. dxc5 Bxc5 29. Ne4 Rbc7 30. Nxc5 Rxc5 31. Rxc5 Rxc5
32. e4 Rc2 33. Ba1 Rc5 34. exd5 exd5 35. Bd4 Rc6 36. Kf1 f6 37. Ke2 Kf7 38.
Kd3 Ke6 39. Re1+ Kd7 40. g4 Rd6 41. Bc5 Rc6 42. Kd4 1-0

[Event "FIDE World Rapid Team"]
[Site "London ENG"]
[Date "2025.06.13"]
[Round "9.49"]
[White "Samadov, Read"]
[Black "Mamedyarov, Shakhriyar"]
[Result "0-1"]
[WhiteElo "2464"]
[BlackElo "2701"]
[EventDate "2025.06.11"]

1. d4 d5 2. c4 e6 3. Nf3 Nf6 4. Nc3 Be7 5. Bg5 dxc4 6. e3 h6 7. Bh4 a6 8.
a4 c5 9. Bxc4 cxd4 10. Nxd4 Bd7 11. O-O Nc6 12. Nf3 O-O 13. Rc1 Rc8 14. Qe2
Qa5 15. Rfd1 Rfd8 16. e4 Ne5 17. Nxe5 Qxe5 18. Bg3 Qa5 19. e5 Nh5 20. Bd3
Nxg3 21. hxg3 g6 22. Bc2 Bc6 23. Kh2 Kg7 24. f4 Qb4 25. Rxd8 Rxd8 26. Be4
Bxe4 27. Nxe4 Qxa4 28. Rc7 Rd7 29. Rc8 Qd4 30. Qc2 h5 31. Re8 h4 32. gxh4
Qe3 33. Qc8 Rd8 34. Rxd8 Bxd8 35. Qxd8 Qxe4 36. Qf6+ Kg8 37. g4 Qc2+ 38.
Kg3 Qb3+ 39. Kg2 Qxb2+ 40. Kg3 Qc3+ 41. Kg2 Qd2+ 42. Kg3 Qd3+ 43. Kg2 b5
44. h5 gxh5 45. gxh5 Qe2+ 46. Kg3 Qxh5 47. Qd8+ Kg7 48. Qb6 Qd1 49. Qxa6 b4
50. Qb6 b3 51. Kh4 Qh1+ 52. Kg3 Qb1 53. f5 b2 54. f6+ Kh7 0-1

[Event "FIDE World Rapid Team"]
[Site "London ENG"]
[Date "2025.06.13"]
[Round "9.50"]
[White "Gurel, Ediz"]
[Black "Shogdzhiev, Roman"]
[Result "1-0"]
[WhiteElo "2452"]
[BlackElo "2405"]
[EventDate "2025.06.11"]

1. Nf3 d5 2. b3 Bf5 3. Bb2 e6 4. e3 Nf6 5. Be2 h6 6. O-O Nbd7 7. c4 c6 8.
d3 Bd6 9. Nc3 Bh7 10. Rc1 O-O 11. Rc2 Re8 12. Qa1 Qe7 13. Rd1 a5 14. h3 Nc5
15. cxd5 exd5 16. Qc1 Ne6 17. Bf1 Rad8 18. Ne2 c5 19. Qa1 Bb8 20. Rcc1 b6
21. d4 Ne4 22. dxc5 bxc5 23. Be5 Bxe5 24. Qxe5 Qb7 25. Qa1 a4 26. bxa4 Qb4
27. Nc3 Nxc3 28. Qxc3 Qxa4 29. Ne5 Ng5 30. Qb2 c4 31. Qb6 Rb8 32. Qd4 Qxa2
33. Qxd5 Qa8 34. Qxa8 Rxa8 35. Nxc4 Red8 36. Ne5 Rxd1 37. Rxd1 Bf5 38. f4
Ne6 39. Bc4 Rd8 40. Ra1 Rb8 41. Ra7 Rb1+ 42. Kh2 Rc1 43. Bd5 Rc5 44. Rd7
Kh7 45. Rxf7 Rxd5 46. Rxf5 Rd2 47. Rf7 Re2 48. Re7 Nc5 49. f5 Ne4 50. Nd7
Nd6 51. f6 Nf5 52. f7 Nxe7 53. f8=Q Rxe3 54. Qf7 Ng8 55. Nf8+ Kh8 56. Ne6
1-0

[Event "FIDE World Rapid Team"]
[Site "London ENG"]
[Date "2025.06.13"]
[Round "9.51"]
[White "Royal, Shreyas"]
[Black "Erdogmus, Yagiz Kaan"]
[Result "0-1"]
[WhiteElo "2372"]
[BlackElo "2384"]
[EventDate "2025.06.11"]

1. d4 d5 2. c4 dxc4 3. Nf3 c5 4. e3 cxd4 5. Bxc4 Qc7 6. Qb3 e6 7. exd4 Nc6
8. O-O Bd7 9. Qe3 Be7 10. Nc3 Nf6 11. Qe2 O-O 12. a3 Rac8 13. Ba2 Rfe8 14.
Be3 Bf8 15. Rac1 h6 16. Rfd1 Qb8 17. Qd2 Rcd8 18. Bb1 a6 19. Bf4 Qa7 20. h3
Ne7 21. Be5 Bc6 22. Qf4 Nd7 23. h4 Bxf3 24. Qxf3 Nc6 25. Qd3 g6 26. Bc7 Rc8
27. Bf4 Nf6 28. Be5 Nxe5 29. dxe5 Ng4 30. Ne4 Rxc1 31. Rxc1 Bg7 32. Qd7 Rf8
33. Rc7 Nxe5 34. Rxb7 Qa8 35. Qe7 Re8 36. Qb4 Rd8 37. Nc3 Qc8 38. Be4 h5
39. g3 Kh7 40. Qb6 Rd2 41. Qe3 Qd8 42. Rb8 Qxb8 43. Qxd2 Nc4 44. Qd7 Qxb2
45. Qxf7 Ne5 46. Qc7 Ng4 47. Qf7 Ne5 48. Qc7 Qxa3 49. Ne2 Qa4 50. Qc2 Nf3+
51. Kf1 Qxe4 0-1

[Event "FIDE World Rapid Team"]
[Site "London ENG"]
[Date "2025.06.13"]
[Round "9.52"]
[White "Salimova, Nurgyul"]
[Black "Sapenov, Daniyal"]
[Result "0-1"]
[WhiteElo "2332"]
[BlackElo "2325"]
[EventDate "2025.06.11"]

1. d4 Nf6 2. Nf3 b6 3. g3 Bb7 4. Bg2 g6 5. O-O Bg7 6. c4 O-O 7. Re1 e6 8.
Nbd2 c5 9. e4 cxd4 10. e5 Ne8 11. Ne4 Bxe4 12. Rxe4 Nc6 13. Nxd4 Nxe5 14.
b3 Nd6 15. Re1 Nc6 16. Nxc6 dxc6 17. Ba3 Nf5 18. Rc1 c5 19. Bxa8 Qxa8 20.
Qd3 Nd4 21. Re3 Rd8 22. Qe4 Qc8 23. Bb2 f5 24. Qb1 e5 25. b4 Bh6 26. Bxd4
exd4 27. Re7 Bxc1 28. Qxc1 Rd7 29. Re5 Qf8 30. bxc5 bxc5 31. Qe1 Kf7 32. g4
d3 33. gxf5 d2 34. Qd1 Qd8 35. fxg6+ hxg6 36. Rxc5 Qe7 37. Qf3+ Kg7 38.
Qc3+ Qf6 0-1

[Event "FIDE World Rapid Team"]
[Site "London ENG"]
[Date "2025.06.13"]
[Round "9.53"]
[White "Nurman, Alua"]
[Black "Kuru, Atilla"]
[Result "1/2-1/2"]
[WhiteElo "2250"]
[BlackElo "1972"]
[EventDate "2025.06.11"]

1. e4 e6 2. d4 d5 3. Nd2 c5 4. exd5 Qxd5 5. Ngf3 cxd4 6. Bc4 Qd6 7. Ne4
Qb4+ 8. Nfd2 Nc6 9. c3 Qa5 10. O-O Be7 11. cxd4 Nxd4 12. Nb3 Nxb3 13. Qxb3
Qe5 14. Bb5+ Kf8 15. Nd2 a6 16. Bd3 b5 17. a4 bxa4 18. Rxa4 Nf6 19. Nf3 Qd5
20. Bc4 Qb7 21. Qa2 Nd7 22. Bg5 Nb6 23. Bxe7+ Qxe7 24. Ra3 Nxc4 25. Qxc4
Bb7 26. Rd1 Bd5 27. Rxa6 Rb8 28. Qc3 f6 29. h3 Kf7 30. Nd4 Rhc8 31. Qd2 Qb7
32. Rda1 Qxb2 33. Ra7+ Kg8 34. Qf4 Ra8 35. Rxa8 Bxa8 36. Ra7 Qc1+ 37. Qxc1
Rxc1+ 38. Kh2 Bd5 39. Rd7 Rd1 40. Nxe6 g5 41. Nc5 Bb3 42. Rb7 Bd5 43. Rd7
Bb3 44. Rb7 Bf7 45. Ne4 Kg7 46. Rb6 Bg6 47. Nxf6 h5 48. f3 Rd4 49. Ne4 Bxe4
50. fxe4 Rxe4 51. Kg3 Re3+ 52. Kf2 Ra3 53. Rc6 Rb3 54. Ra6 Rb7 55. Kg3 Rf7
56. h4 Rf6 57. Rxf6 Kxf6 58. hxg5+ Kxg5 59. Kh3 h4 60. g3 hxg3 61. Kxg3
1/2-1/2

[Event "FIDE World Rapid Team"]
[Site "London ENG"]
[Date "2025.06.13"]
[Round "9.55"]
[White "Amartuvshin, Ganzorig"]
[Black "Pichot, Alan"]
[Result "1-0"]
[WhiteElo "2356"]
[BlackElo "2564"]
[EventDate "2025.06.11"]

1. d4 Nf6 2. c4 e6 3. Nf3 d5 4. Nc3 Nbd7 5. Qc2 Bb4 6. cxd5 exd5 7. Bg5 h6
8. Bh4 g5 9. Bg3 Ne4 10. e3 h5 11. h4 g4 12. Nd2 Nxg3 13. fxg3 Nb6 14. Bd3
Be6 15. O-O c6 16. Ne2 Qe7 17. a3 Bd6 18. Nf4 Bd7 19. Rae1 O-O-O 20. Nb3
Kb8 21. Nc5 Bxc5 22. dxc5 Nc4 23. Bxc4 dxc4 24. Qxc4 Bc8 25. Qc3 Rde8 26.
e4 Qe5 27. Qxe5+ Rxe5 28. Nd3 Re7 29. Rf6 Rd8 30. Nf4 Rd2 31. b4 a5 32.
Nxh5 axb4 33. axb4 Rd4 34. Rd6 Rdxe4 35. Rxe4 Rxe4 36. Nf6 Rxb4 37. h5 Rc4
38. Rd8 Rc1+ 39. Kh2 Rf1 40. Rd6 Be6 41. Ne8 Rf5 42. Rd8+ Ka7 43. Ng7 Rf6
44. Rh8 Bd5 45. Kg1 Be4 46. Ne8 Rf5 47. Nd6 Re5 48. Re8 Rxc5 49. Rxe4 Rd5
50. Nxf7 Rxh5 51. Rxg4 b5 52. Rf4 c5 53. g4 Rh7 54. g5 Rg7 55. Kf2 b4 56.
Ke3 Kb6 57. Kd3 Kb5 58. Nd6+ Ka4 59. Ne4 Ka3 60. Kc4 b3 61. Rf3 Rb7 62.
Nxc5 Rb4+ 63. Kd5 1-0

[Event "FIDE World Rapid Team"]
[Site "London ENG"]
[Date "2025.06.13"]
[Round "9.56"]
[White "Ibarra Jerez, Jose Carlos"]
[Black "Amilal, Munkhdalai"]
[Result "1/2-1/2"]
[WhiteElo "2541"]
[BlackElo "2341"]
[EventDate "2025.06.11"]

1. e4 c5 2. Nf3 d6 3. Bb5+ Nd7 4. Ba4 a6 5. c4 e5 6. Nc3 Nf6 7. d3 g6 8.
O-O Bg7 9. Ne1 O-O 10. f4 exf4 11. Bxf4 Ne5 12. Qd2 Nh5 13. Bg5 f6 14. Bh4
g5 15. Bf2 f5 16. Bd1 Nf4 17. Be3 Neg6 18. Nf3 h6 19. d4 fxe4 20. Nxe4 Bf5
21. Ng3 Bd3 22. Rf2 Qe7 23. Bb3 Rae8 24. Re1 Qc7 25. Nh5 Nxh5 26. Qxd3 Nhf4
27. Qd2 g4 28. Bxf4 gxf3 29. Rxe8 Rxe8 30. Rxf3 Bxd4+ 31. Kh1 Nxf4 32. Rxf4
Qe7 33. Rf1 Rf8 34. Rxf8+ Qxf8 35. Qe2 Qf2 36. Qxf2 Bxf2 37. Bc2 Bd4 38. b3
Kg7 39. g3 Kf6 1/2-1/2

[Event "FIDE World Rapid Team"]
[Site "London ENG"]
[Date "2025.06.13"]
[Round "9.57"]
[White "Munkhzul, Turmunkh"]
[Black "Cuenca Jimenez, Jose Fernando"]
[Result "0-1"]
[WhiteElo "2357"]
[BlackElo "2459"]
[EventDate "2025.06.11"]

1. e4 e5 2. Nf3 Nc6 3. Bb5 a6 4. Bxc6 dxc6 5. d4 exd4 6. Qxd4 Qxd4 7. Nxd4
Bd7 8. Be3 O-O-O 9. f3 c5 10. Ne2 f5 11. Nbc3 Nf6 12. Ng3 Re8 13. Kd2 fxe4
14. Ngxe4 Nxe4+ 15. Nxe4 Bf5 16. Rae1 Bxe4 17. fxe4 Rxe4 18. Kd3 Rg4 19.
Re2 Bd6 20. h3 c4+ 21. Kd2 Re4 22. Bg5 Rxe2+ 23. Kxe2 Re8+ 24. Kf3 Re5 25.
Bd2 Rf5+ 26. Ke2 Be5 27. c3 Bf6 28. Rf1 Ra5 29. a3 Re5+ 30. Kd1 Rd5 31. Kc2
Rd3 32. Re1 Kd7 33. Re4 b5 34. Be1 Rd5 35. Re2 Rf5 36. Bf2 Kc6 37. Kd1 a5
38. Kc2 h6 39. Be1 Rf1 40. Bd2 Kd5 41. Bc1 c5 42. Rd2+ Kc6 43. Re2 b4 44.
axb4 cxb4 45. cxb4 axb4 46. b3 cxb3+ 0-1

[Event "FIDE World Rapid Team"]
[Site "London ENG"]
[Date "2025.06.13"]
[Round "9.58"]
[White "Camacho Collados, Marcos"]
[Black "Gan-Od, Sereenen"]
[Result "1-0"]
[WhiteElo "2365"]
[BlackElo "2294"]
[EventDate "2025.06.11"]

1. e4 c5 2. Nf3 e6 3. d3 Nc6 4. g3 d5 5. Nbd2 g6 6. Bg2 Bg7 7. O-O Nf6 8.
Re1 O-O 9. c3 b5 10. e5 Nd7 11. d4 b4 12. Nf1 a5 13. h4 a4 14. a3 Qa5 15.
cxb4 cxb4 16. h5 bxa3 17. bxa3 Nb6 18. h6 Bh8 19. Ne3 Qa7 20. Ng4 Na5 21.
Bg5 Nb3 22. Ra2 Nd7 23. Qd3 Ba6 24. Qe3 Rac8 25. Qf4 Bd3 26. Be7 Bf5 27.
Bxf8 Bxg4 28. Qxg4 Nxf8 29. Qf4 Qa5 30. Ree2 Rc1+ 31. Kh2 Qc7 32. Ng5 Rc4
33. Rac2 Na5 34. Rb2 Nb3 35. Rec2 f6 36. exf6 Qxf4 37. gxf4 Bxf6 38. Rxc4
dxc4 39. Rc2 Nxd4 40. Rxc4 Ne2 41. Rxa4 Nxf4 42. Rxf4 Bxg5 43. Re4 Bxh6 44.
a4 Bd2 45. Rd4 Ba5 46. Kg1 Kf7 47. Rd6 Ke7 48. Ra6 Bb4 49. a5 Nd7 50. Ra7
Bc5 51. Rb7 Kd6 52. a6 h5 53. a7 Bxa7 54. Rxa7 g5 55. Bf1 h4 56. Ra6+ Kd5
57. Bg2+ Ke5 58. Bh3 Nc5 59. Rc6 Kd5 60. Rc8 Kd6 61. Rg8 Nd7 62. Rxg5 Ne5
63. Rh5 Ng6 64. Rh6 Nf4 65. Rxh4 Ng6 66. Rh6 Nf4 67. Kh2 Ke5 68. Kg3 Ne2+
69. Kf3 Nd4+ 70. Ke3 Nc2+ 71. Kd3 Nb4+ 72. Kc4 1-0

[Event "FIDE World Rapid Team"]
[Site "London ENG"]
[Date "2025.06.13"]
[Round "9.59"]
[White "Uuriintuya, Uurtsaikh"]
[Black "Khotenashvili, Bella"]
[Result "1/2-1/2"]
[WhiteElo "2239"]
[BlackElo "2349"]
[EventDate "2025.06.11"]

1. e4 c6 2. c4 g6 3. d4 Bg7 4. Nc3 d6 5. Be2 Nf6 6. Nf3 O-O 7. O-O a6 8. h3
b5 9. e5 Ne8 10. Bf4 Nd7 11. Qd2 bxc4 12. Bxc4 Nb6 13. Bb3 a5 14. a3 a4 15.
Ba2 Ba6 16. Rfe1 Bc4 17. Bh6 Bxa2 18. Rxa2 d5 19. e6 f6 20. h4 Nc4 21. Qc1
Bxh6 22. Qxh6 Ng7 23. Re2 Qd6 24. Ra1 Nxe6 25. Rae1 Qf4 26. Qxf4 Nxf4 27.
Rxe7 Nxb2 28. g3 Nfd3 29. R1e6 Rac8 30. h5 gxh5 31. Nh4 Rf7 32. Nf5 Kf8 33.
Rxf7+ Kxf7 34. Re7+ Kg8 35. Nh6+ Kh8 36. Nf7+ Kg8 37. Nh6+ Kh8 38. Nf5 Kg8
39. Nh6+ Kh8 40. Nf5 Kg8 41. Rg7+ Kh8 42. Rf7 Ne1 43. Re7 Nf3+ 44. Kg2 Nd2
45. Kh3 Nf3 46. Kg2 Nd2 47. Kh3 Nf3 48. Kg2 Nd2 49. Kh3 1/2-1/2

[Event "FIDE World Rapid Team"]
[Site "London ENG"]
[Date "2025.06.13"]
[Round "9.60"]
[White "Torres, Lucas"]
[Black "Han, Qixuan"]
[Result "1-0"]
[WhiteElo "2031"]
[BlackElo "1831"]
[EventDate "2025.06.11"]

1. e4 c5 2. d4 cxd4 3. Qxd4 Nc6 4. Qd3 d6 5. Nc3 Nf6 6. Nf3 g6 7. Be2 Bg7
8. O-O O-O 9. Nd5 Nxd5 10. exd5 Ne5 11. Nxe5 Bxe5 12. c3 Bf5 13. Qd1 e6 14.
dxe6 fxe6 15. Bf3 d5 16. Re1 Bd6 17. Qd4 b6 18. Be3 Rc8 19. Rad1 Rc4 20.
Qd2 Be4 21. Bxe4 Rxe4 22. Bg5 Rxe1+ 23. Rxe1 Qe8 24. Bh4 Qf7 25. Qe2 Re8
26. Bg3 Bc5 27. a3 h6 28. b4 Bf8 29. c4 d4 30. Be5 Bg7 31. Qe4 Bxe5 32.
Qxe5 Qg7 33. Kf1 Qxe5 34. Rxe5 Kf7 35. Ke2 Kf6 36. Re4 e5 37. f4 g5 38.
fxe5+ Rxe5 39. Rxe5 Kxe5 40. Kd3 h5 41. g3 g4 42. b5 Ke6 43. Kxd4 Kd6 44.
a4 Ke6 45. c5 Kd7 46. c6+ Kd6 47. Ke4 a6 48. Kf5 axb5 49. axb5 Kc5 50. c7
Kxb5 51. c8=Q Kb4 52. Kg5 b5 53. Kxh5 Kb3 54. Kxg4 b4 55. h4 Kb2 56. h5 b3
57. Qb8 Ka2 58. Qxb3+ 1-0

[Event "FIDE World Rapid Team"]
[Site "London ENG"]
[Date "2025.06.13"]
[Round "9.1"]
[White "Martinez Alcantara, Jose Eduardo"]
[Black "Chinguun, Sumiya"]
[Result "1-0"]
[WhiteElo "2665"]
[BlackElo "2271"]
[EventDate "2025.06.11"]
[Board "1"]

1. c4 c5 2. Nc3 Nc6 3. g3 g6 4. Bg2 Bg7 5. a3 d6 6. Nf3 Qd7 7. O-O b6 8. e3
Ba6 9. b3 e6 10. Bb2 Nge7 11. d4 O-O 12. Re1 Rad8 13. d5 exd5 14. cxd5 Na5
15. Qc2 h6 16. Rad1 g5 17. Ne4 f6 18. Nc3 Qe8 19. Ba1 Ng6 20. Bh3 Bc8 21.
Bxc8 Rxc8 22. Ne4 Nb7 23. a4 Ne5 24. Bxe5 fxe5 25. Qe2 Qg6 26. Nfd2 Na5 27.
Qg4 Rcd8 28. h4 Qf7 29. hxg5 h5 30. Qh4 Qg6 31. Kg2 Kf7 32. Rh1 Rh8 33. Nc4
Ke7 34. Ncd2 Rdf8 35. Rc1 Kd7 36. Qh3+ Ke7 37. f3 Qf7 38. Rhd1 Nxb3 39. g6
Qxg6 40. Nxb3 Rf5 41. Nbd2 Rhf8 42. Rb1 Kd8 43. a5 Rxf3 44. Nxf3 Qxe4 45.
Qh4+ Qxh4 46. Nxh4 Kc7 47. e4 Bh6 48. Nf5 Bg5 49. Rh1 Rh8 50. Ng7 Bd2 51.
axb6+ axb6 52. Rhf1 Kb7 53. Rf7+ Ka6 54. Ne6 c4 55. Nc7+ Ka5 56. Nb5 Ra8
57. Nxd6 b5 58. Ra1+ 1-0

[Event "FIDE World Rapid Team"]
[Site "London ENG"]
[Date "2025.06.13"]
[Round "9.1"]
[White "Reimanis, Ritvars"]
[Black "Jumabayev, Rinat"]
[Result "0-1"]
[WhiteElo "2331"]
[BlackElo "2524"]
[EventDate "2025.06.11"]
[Board "2"]

1. d4 Nf6 2. Nf3 e6 3. Bg5 h6 4. Bh4 c5 5. Bxf6 Qxf6 6. e3 a6 7. Nc3 d5 8.
e4 cxd4 9. Qxd4 Qxd4 10. Nxd4 Nc6 11. O-O-O Bc5 12. Nb3 Bxf2 13. exd5 exd5
14. Nxd5 O-O 15. Be2 Rb8 16. Rhf1 Ba7 17. Bf3 Bf5 18. Nc3 Nb4 19. Nd5 Nxd5
20. Bxd5 Bg6 21. Rde1 Rbc8 22. Be4 Bxe4 23. Rxe4 Rfe8 24. Rfe1 Rxe4 25.
Rxe4 Kf8 26. Kd2 f5 27. Rb4 Rc7 28. Nc1 Bc5 29. Rf4 g6 30. h3 Ke7 31. Nd3
Bd6 32. Rd4 g5 33. c4 Ke6 34. b4 h5 35. c5 Bg3 36. Rd8 g4 37. hxg4 fxg4 38.
Rh8 h4 39. Ke3 Re7 40. Kd4 Kf6 41. Rg8 Re2 42. Rxg4 Rxg2 43. Ke3 Rxa2 44.
c6 bxc6 45. Nc5 Kf5 46. Rc4 h3 47. Ne4 Bf4+ 48. Kf3 h2 49. Rc5+ Kg6 50.
Rxc6+ Kg7 0-1

[Event "FIDE World Rapid Team"]
[Site "London ENG"]
[Date "2025.06.13"]
[Round "9.1"]
[White "Le, Tuan Minh"]
[Black "Itgelt, Khuyagtsogt"]
[Result "1/2-1/2"]
[WhiteElo "2503"]
[BlackElo "2216"]
[EventDate "2025.06.11"]
[Board "3"]

1. d4 Nf6 2. Nf3 d5 3. c4 c6 4. cxd5 cxd5 5. Nc3 Nc6 6. Bf4 a6 7. Ne5 Qb6
8. Nxc6 bxc6 9. Qd2 Nh5 10. Be3 Nf6 11. f3 e6 12. Rc1 Qa5 13. a3 Bd7 14.
Bf2 c5 15. e4 dxe4 16. Nxe4 Qxd2+ 17. Nxd2 cxd4 18. Bxd4 Be7 19. Nc4 Rc8
20. Be2 O-O 21. Kf2 Nd5 22. Rhd1 Ba4 23. Re1 Bb5 24. Nb6 Nxb6 25. Bxb6 Bf6
26. Bxb5 axb5 27. Rxc8 Rxc8 28. Re2 Kf8 29. Ke3 Ke8 30. Rd2 Rc6 31. Ba5 Rc4
32. Kd3 Be5 33. h3 h5 34. b3 Rc1 35. Ra2 Rb1 36. Kc2 Rg1 37. Kd3 Rb1 38.
Kc2 Rg1 39. Kd3 Rb1 40. Bd2 Kd7 41. b4 Rg1 42. Be3 Rb1 43. Bd2 Rg1 44. Be3
Rb1 45. Bc5 Rb2 46. Rxb2 Bxb2 47. Be3 Kc6 48. Kc2 Be5 49. Kb3 f5 50. a4
bxa4+ 51. Kxa4 Bd6 52. b5+ Kb7 53. Kb3 Be7 54. Kc4 g5 55. g4 fxg4 56. fxg4
hxg4 57. hxg4 Bf6 58. Bc5 Kc7 59. Bd4 Be7 60. Kd3 Bd6 61. Ke4 Kd7 62. Bf6
Bf4 63. Kd4 Kd6 64. Kc4 e5 65. Bd8 e4 66. Ba5 e3 67. Bb4+ Kc7 68. Ba5+ Kd6
69. Bb4+ Kc7 70. Ba5+ 1/2-1/2

[Event "FIDE World Rapid Team"]
[Site "London ENG"]
[Date "2025.06.13"]
[Round "9.1"]
[White "Nomin-Erdene, Davaademberel"]
[Black "Siddharth, Jagadeesh"]
[Result "0-1"]
[WhiteElo "2239"]
[BlackElo "2408"]
[EventDate "2025.06.11"]
[Board "4"]

1. e4 d6 2. d4 Nf6 3. Nc3 e5 4. Nf3 Nbd7 5. Bc4 Be7 6. O-O O-O 7. Re1 c6 8.
a4 h6 9. h3 Re8 10. b3 exd4 11. Nxd4 Ne5 12. Bf1 Ng6 13. a5 Qc7 14. Bd2 Bf8
15. Kh1 Bd7 16. f4 b5 17. axb6 axb6 18. Rxa8 Rxa8 19. Qf3 Re8 20. g4 b5 21.
Nf5 b4 22. Nd1 d5 23. exd5 Rxe1 24. Bxe1 Nxd5 25. Bg3 Bxf5 26. gxf5 Nge7
27. Bd3 Qa7 28. Bf2 Qa1 29. Kh2 Qf6 30. Qe4 Nc8 31. Bd4 Qh4 32. Be5 Nd6 33.
Qf3 f6 34. Bxd6 Bxd6 35. Bc4 Bxf4+ 36. Kg2 Kh7 37. Bxd5 cxd5 38. Nf2 h5 39.
Qxd5 Qg3+ 40. Kf1 Be3 41. Ne4 Qf3+ 42. Ke1 Bf2+ 43. Kf1 Bd4+ 44. Ke1 Bc3+
45. Nxc3 Qxc3+ 46. Qd2 Qxh3 47. Qxb4 Qxf5 48. Qc4 Qh3 49. b4 Qg3+ 50. Kf1
Qf3+ 51. Kg1 f5 52. b5 Qg3+ 53. Kh1 h4 54. Qd3 Qg4 55. Kh2 Qf4+ 56. Kh3 Kh6
57. Qb3 Qe4 58. Kh2 g5 59. Qc3 Qe2+ 60. Kg1 Qxb5 61. Qh8+ Kg6 62. Qc8 Qe2
63. Qh8 Qd1+ 64. Kh2 Qxc2+ 65. Kg1 Qd1+ 66. Kh2 Qd5 67. Qe8+ Qf7 68. Qc6+
Kh5 69. Qc3 Qf8 70. Qf3+ g4 71. Qf4 Qc8 72. Qe5 Qc2+ 73. Kg1 Qd1+ 74. Kh2
g3+ 75. Kg2 Qd2+ 0-1

[Event "FIDE World Rapid Team"]
[Site "London ENG"]
[Date "2025.06.13"]
[Round "9.1"]
[White "Gong, Qianyun"]
[Black "Ulziikhishig, Khishigbat"]
[Result "1-0"]
[WhiteElo "2220"]
[BlackElo "2027"]
[EventDate "2025.06.11"]
[Board "5"]

1. e4 e5 2. Nf3 Nc6 3. Bc4 Bc5 4. d3 Nf6 5. Bg5 d6 6. c3 Bb6 7. a4 h6 8.
Bh4 g5 9. Bg3 a5 10. Nbd2 Qe7 11. Bb5 h5 12. h4 g4 13. Nh2 Bd7 14. Nhf1 d5
15. Qe2 O-O-O 16. Ne3 Qe6 17. O-O Rhe8 18. exd5 Nxd5 19. Nxd5 Qxd5 20. Bc4
Qd6 21. Bxf7 Re7 22. Nc4 Qc5 23. Nxb6+ Qxb6 24. Bg6 Rg8 25. Be4 Nd8 26. b4
axb4 27. a5 Qb5 28. Rfb1 Nc6 29. Qe3 Rd8 30. Qg5 Ree8 31. Qxh5 b3 32. a6
bxa6 33. Qf7 Be6 34. Bf5 Bxf5 35. Qxf5+ Rd7 36. Qxg4 e4 37. dxe4 a5 38. Rd1
Nb8 39. Rd5 Qc4 40. Rdxa5 Qxc3 41. Qf3 Qc2 42. Rb5 b2 43. Rf1 Nc6 44. e5
Red8 45. Rxb2 Qxb2 46. Qxc6 Qb7 47. Qe6 Qd5 48. Qf5 Qf7 49. Qg4 Rg8 50. Qa4
Qd5 51. Rb1 Rg6 52. Qf4 Rf7 53. Qe3 Ra6 54. h5 Rd7 55. Qf4 Qe6 56. Qf8+ Rd8
57. Qf3 Qd5 58. Qg4+ Qe6 59. Qf4 c5 60. Qe4 Qd5 61. Qh7 Qd7 62. e6 Qd1+ 63.
Rxd1 Rxd1+ 64. Kh2 Rxe6 65. Qc7# 1-0

[Event "FIDE World Rapid Team"]
[Site "London ENG"]
[Date "2025.06.13"]
[Round "9.1"]
[White "Araya Fuentes, Cristian"]
[Black "Zhang, Changjie"]
[Result "1-0"]
[WhiteElo "1945"]
[BlackElo "1676"]
[EventDate "2025.06.11"]
[Board "6"]

1. e4 e6 2. d3 b6 3. Nd2 Bb7 4. Ngf3 Nf6 5. g3 Be7 6. Bg2 O-O 7. O-O d6 8.
Re1 Nbd7 9. Nf1 c5 10. Ne3 Rc8 11. b3 Re8 12. Bb2 e5 13. Nf5 g6 14. Nh6+
Kg7 15. Qd2 Ng8 16. Bc1 Nf8 17. h4 Ne6 18. Bh3 Bf8 19. Ng5 Nxg5 20. hxg5
Rc7 21. Ng4 d5 22. Bb2 d4 23. f4 Bc8 24. Kg2 Bxg4 25. Bxg4 Bd6 26. Rh1 f6
27. Rh2 fxg5 28. fxg5 Kh8 29. Rah1 Rg7 30. Bc1 Be7 31. a4 Rf8 32. Be6 Qd6
33. Bc4 Qd7 34. Qe2 Qd8 35. Qg4 Qc7 36. Rh4 Qc8 37. Qe2 Qd8 38. Qd2 Qc8 39.
Kg1 Rf3 40. Qh2 Nf6 41. gxf6 1-0

[Event "FIDE World Rapid Team"]
[Site "London ENG"]
[Date "2025.06.13"]
[Round "9.2"]
[White "Hansen, Eric"]
[Black "Williams, Simon K"]
[Result "1-0"]
[WhiteElo "2582"]
[BlackElo "2497"]
[EventDate "2025.06.11"]
[Board "1"]

1. e4 g6 2. d4 Bg7 3. Nf3 d6 4. c3 Nf6 5. Bd3 O-O 6. O-O Nc6 7. b4 a6 8.
Nbd2 e5 9. dxe5 dxe5 10. Nc4 Nh5 11. Re1 Nf4 12. Bf1 Qxd1 13. Rxd1 Bg4 14.
Be3 Rfd8 15. a4 Bxf3 16. gxf3 Ne7 17. Na5 b6 18. Nb3 Rdc8 19. Rd7 Kf8 20.
a5 Ke8 21. Rdd1 b5 22. Nc5 c6 23. Rd7 Ne6 24. Bh3 Nxc5 25. Bxc5 Bf6 26. Rd6
Bg5 27. Bd7+ Kf8 28. Bxc8 Rxc8 29. Rd7 Ke8 30. Ra7 Ng8 31. Rd1 1-0

[Event "FIDE World Rapid Team"]
[Site "London ENG"]
[Date "2025.06.13"]
[Round "9.2"]
[White "Norwood, David R"]
[Black "Ragnarsson, Dagur"]
[Result "1-0"]
[WhiteElo "2494"]
[BlackElo "2350"]
[EventDate "2025.06.11"]
[Board "2"]

1. g3 d5 2. Bg2 Nf6 3. Nf3 g6 4. c4 c6 5. O-O Bg7 6. b3 Ne4 7. d4 O-O 8.
Nbd2 Bf5 9. Bb2 a5 10. Ne5 Nxd2 11. Qxd2 Be6 12. cxd5 Bxd5 13. e4 Bxe4 14.
Nxf7 Qd5 15. Bxe4 Qxe4 16. Rae1 Qd5 17. Ng5 e5 18. Qc2 Nd7 19. dxe5 Nxe5
20. Bxe5 Bxe5 21. Rd1 Bd4 22. Qc4 Qxc4 23. bxc4 Rad8 24. Ne6 Bxf2+ 25. Kg2
Rxd1 26. Rxd1 Re8 27. Rd8 Rxd8 28. Nxd8 Bb6 29. Nxb7 Kf7 30. c5 Bc7 31. Kf3
Ke6 32. Ke4 Kd7 33. Kd4 h5 34. h3 a4 35. g4 hxg4 36. hxg4 Kc8 37. Nd6+ Bxd6
38. cxd6 Kd7 39. Kc5 a3 40. g5 Kd8 41. Kxc6 Kc8 42. Kd5 1-0

[Event "FIDE World Rapid Team"]
[Site "London ENG"]
[Date "2025.06.13"]
[Round "9.2"]
[White "Delaney, Killian"]
[Black "Pert, Richard G"]
[Result "0-1"]
[WhiteElo "2177"]
[BlackElo "2447"]
[EventDate "2025.06.11"]
[Board "3"]

1. e4 c6 2. d4 d5 3. e5 Bf5 4. h4 a6 5. g4 Bd7 6. Nc3 e6 7. Be3 c5 8. Nge2
Nc6 9. f4 Nh6 10. Bh3 cxd4 11. Nxd4 Qxh4+ 12. Bf2 Qd8 13. g5 Ng8 14. Nb3
Nge7 15. Na4 Ng6 16. Nb6 Nxf4 17. Nxa8 Qxa8 18. Qd2 Ng6 19. O-O-O Ncxe5 20.
Nc5 Qc8 21. Nxd7 Qxd7 22. Qe2 Be7 23. Rhg1 O-O 24. Qh5 Nf4 25. Qh4 Ne2+ 26.
Kb1 Nxg1 27. Bxg1 Nf3 28. Qh5 Nxg5 29. Bd4 h6 30. Bf1 Qd6 31. Bd3 e5 32.
Be3 Qe6 33. Rg1 f5 34. c3 f4 35. Bf2 e4 36. Bc2 e3 0-1